|
|
|
|
| LEADER |
00769nam a2200181 a 4500 |
| 008 |
100623s2003 ii a b 000 0 eng d |
| 040 |
|
|
|a BD-DhAAL
|c BD-DhAAL
|
| 082 |
0 |
4 |
|a 616.89170926
|2 22
|
| 100 |
1 |
|
|a Freud, Sigmund,
|d 1856-1939
|
| 245 |
1 |
0 |
|a Case histories I :
|b Dora and Little Hans /
|c Sigmund Freud.
|
| 260 |
|
|
|a New Delhi :
|b Shrijee's Book International,
|c 2003.
|
| 300 |
|
|
|a 318 p. :
|b ill. ;
|c 21 cm.
|
| 504 |
|
|
|a Includes bibliographic references.
|
| 541 |
1 |
|
|e 00014193
|
| 650 |
|
0 |
|a Psychoanalysis
|x Case studies.
|
| 852 |
4 |
|
|a Ayesha Abed Library
|j General Shelf
|
| 999 |
|
|
|c 9064
|d 9064
|
| 952 |
|
|
|0 0
|1 0
|2 ddc
|4 0
|6 616_891709260000000_FRE_2003
|7 0
|9 11229
|a BRACUL
|b BRACUL
|c GEN
|d 2010-06-24
|l 11
|m 106
|o 616.89170926 FRE
|p 3010014193
|q 2026-02-17
|r 2025-10-22
|s 2025-10-22
|t 1
|w 2010-06-24
|y BK
|